000 00419nam a22001817a 4500
003 MPLRDC
005 20220104144540.0
008 210129b ||||| |||| 00| 0 eng d
020 _a0-88139-021-6
082 _a225.4 XHSR-5
100 _a
245 _a净行品浅释
_c
250 _a初版
260 _a
_b法界佛教总会等
_c2001
300 _b
650 _a佛教说法
942 _cBK
_o225.4 XHSR-5
999 _c50693
_d50683